Flaggen der Länder an der Fußball-WM 2026 - Statistiken

Allgemein
  • Dieses Quiz wurde 448 mal gespielt
    113 seit der letzten Aktualisierung
  • Das Durchschnittsergebnis liegt bei 38 aus 48
Antwortstatistiken
Bildquiz Antwort % Korrekt
Frankreich
98%
Argentinien
95%
Vereinigte Staaten
95%
Japan
93%
Kanada
93%
Südkorea
93%
Brasilien
90%
Australien
88%
Deutschland
85%
Iran
85%
Mexiko
85%
Neuseeland
85%
Österreich
85%
Schweiz
85%
Türkei
85%
Kolumbien
83%
Kroatien
83%
Portugal
83%
Schottland
83%
Schweden
83%
Spanien
83%
Uruguay
83%
Belgien
80%
Ghana
80%
England
78%
Niederlande
78%
Tunesien
78%
Ägypten
76%
Marokko
76%
Norwegen
76%
Südafrika
76%
Tschechien
76%
Bosnien und Herzegowina
73%
Katar
73%
Algerien
71%
Elfenbeinküste
71%
Saudi-Arabien
71%
Ecuador
68%
Irak
68%
Senegal
68%
Jordanien
66%
Kap Verde
66%
Usbekistan
66%
Panama
63%
Paraguay
63%
Demokratische Republik Kongo
61%
Curaçao
59%
Haiti
56%
Keine übereinstimmenden Quizze gefunden
Verteilung der Resultate
Anzahl Personen mit jedem Resultat
Perzentil nach korrekt beantworteten Fragen
Ihre Resultats-Entwicklung
Sie haben dieses Quiz seit der letzten Aktualisierung nicht gespielt